书目信息 |
| 题名: |
陈超散打提高教程
|
|
| 作者: | 陈超 著 | |
| 分册: | ||
| 出版信息: | 北京 北京体育大学出版社 2004 |
|
| 页数: | 162页 | |
| 开本: | 26cm | |
| 丛书名: | ||
| 单 册: | ||
| 中图分类: | G852.4 | |
| 科图分类: | ||
| 主题词: | 散打(武术)--中国 | |
| 电子资源: | ||
| ISBN: | 7-81100-169-1 | |
| 000 | 00785nam0 2200229 45 | |
| 001 | 002698221 | |
| 005 | 20050110092050.7 | |
| 010 | @a7-81100-169-1@dCNY23.00 | |
| 100 | @a20040802d2004 em y0chiy0110 ea | |
| 101 | 0 | @achi |
| 102 | @aCN@b110000 | |
| 105 | @aa z 000yy | |
| 200 | 1 | @a陈超散打提高教程@Achen chao san da ti gao jiao cheng@f陈超著@FChen Chao Zhu |
| 210 | @a北京@c北京体育大学出版社@d2004 | |
| 215 | @a162页@c照片@d26cm | |
| 300 | @a跟“武状元”学散打 | |
| 330 | @a该教程配有2000幅图片,将散打技术、战术教学与训练的细节表现出来,并配有详细的文字说明。各个阶段均配有规范的动作图片及动作说明、练习方法和训练步骤等内容。 | |
| 606 | 0 | @a散打(武术)@y中国 |
| 690 | @aG852.4@v4 | |
| 701 | 0 | @a陈超@4著 |
| 801 | 0 | @aCN@bNLC@c20040910 |
| 905 | @b342000-004@dG852.4@e112@f5 | |
| 陈超散打提高教程/陈超著.-北京:北京体育大学出版社,2004 |
| 162页:照片;26cm |
| 跟“武状元”学散打 |
| ISBN 7-81100-169-1:CNY23.00 |
| 该教程配有2000幅图片,将散打技术、战术教学与训练的细节表现出来,并配有详细的文字说明。各个阶段均配有规范的动作图片及动作说明、练习方法和训练步骤等内容。 |
| ● |
| 相关链接 |
|
|
|
|
正题名:陈超散打提高教程
索取号:G852.4/112
 
预约/预借
| 序号 | 登录号 | 条形码 | 馆藏地/架位号 | 状态 | 备注 |
| 1 | 0342000 | 203420002 | 第一样本阅览室/ [索取号:G852.4/112] | 在馆 | |
| 2 | 0342001 | 203420011 | 第四借阅区/ [索取号:G852.4/112] | 在馆 | |
| 3 | 0342002 | 203420020 | 第四借阅区/ [索取号:G852.4/112] | 在馆 | |
| 4 | 0342003 | 203420039 | 第四借阅区/ [索取号:G852.4/112] | 在馆 | |
| 5 | 0342004 | 203420048 | 第四借阅区/ [索取号:G852.4/112] | 在馆 |